Emancipation Still Comin (Record no. 9921)

MARC details
000 -LEADER
fixed length control field 00668nam a2200241 a 4500
020 ## - INTERNATIONAL STANDARD BOOK NUMBER
ISBN 0883443
082 00 - DEWEY DECIMAL CLASSIFICATION NUMBER
Classification number 230.09729
Author Cutter DAV
100 ## - MAIN ENTRY--AUTHOR NAME
Author name Davis, Koirtrights
245 ## - TITLE STATEMENT
Title Emancipation Still Comin
Sub title Explorations in Caribbean Emancipatory Theology
260 ## - PUBLICATION, DISTRIBUTION, ETC. (IMPRINT)
Place of publication New York
Name of publisher Orbis Books
Year of publication 1990
300 ## - PHYSICAL DESCRIPTION
Number of Pages 164p
500 ## - GENERAL NOTE
General note includes index and biblioraphy
505 2# - FORMATTED CONTENTS NOTE
Formatted contents note Index, Selected Bibliography
650 ## - SUBJECT ADDED ENTRY--TOPICAL TERM
Topical Term Liberation-Theology
942 ## - ADDED ENTRY ELEMENTS (KOHA)
Koha item type Books
700 1# -
-- Davis, Koirtrights
Holdings
Collection code Home library Current library Date acquired Cost, normal purchase price Full call number Accession Number Koha item type
  Henry Martyn Institute Library Henry Martyn Institute Library 06/14/2007 710.50 230.09729 DAV 017539 Books
                   Copyright © 2026 | Henry Martyn Institute | Hyderabad | TS-500052 | INDIA | Implemented by hmi.edu.in
Hit-Count:

Powered by Koha